| 000 | 00479nam a2200181Ia 4500 | ||
|---|---|---|---|
| 001 | 9438 | ||
| 005 | 20260306161718.0 | ||
| 008 | 260306t2008||||xx |||||||||||||| ||spa|| | ||
| 041 | _aESP | ||
| 082 |
_a379 _bF81 |
||
| 100 |
_aFraboschi, Azucena Adelina _eAUT |
||
| 245 | 0 |
_aDos pilares de nuestra educación: _bla cultura clásica y la enseñanza medieval |
|
| 260 | _c2008 | ||
| 300 |
_a126 páginas : _c18 cm. |
||
| 650 | _aGEN | ||
| 654 | _aCED | ||
| 942 |
_cLIB _dJUS _fJUS _2ddc _n |
||
| 999 |
_c9438 _d9438 |
||